<?xml version="1.0" encoding="UTF-8"?>
<record
    xmlns:xsi="http://www.w3.org/2001/XMLSchema-instance"
    xsi:schemaLocation="http://www.loc.gov/MARC21/slim http://www.loc.gov/standards/marcxml/schema/MARC21slim.xsd"
    xmlns="http://www.loc.gov/MARC21/slim">

  <leader>00854nam a22002537a 4500</leader>
  <controlfield tag="005">20170123162315.0</controlfield>
  <datafield tag="010" ind1=" " ind2=" ">
    <subfield code="a">B-083056</subfield>
  </datafield>
  <datafield tag="020" ind1=" " ind2=" ">
    <subfield code="c">75.00</subfield>
  </datafield>
  <datafield tag="035" ind1=" " ind2=" ">
    <subfield code="a">B-083056</subfield>
  </datafield>
  <datafield tag="037" ind1=" " ind2=" ">
    <subfield code="b">Cen Lib/Ret</subfield>
  </datafield>
  <datafield tag="040" ind1=" " ind2=" ">
    <subfield code="a">DPL</subfield>
    <subfield code="b">UR</subfield>
  </datafield>
  <datafield tag="082" ind1=" " ind2=" ">
    <subfield code="a">&#x6A9;</subfield>
    <subfield code="b">&#x641; &#x627; &#x631;</subfield>
  </datafield>
  <datafield tag="100" ind1=" " ind2=" ">
    <subfield code="a">&#x641;&#x627;&#x631;&#x648;&#x642; &#x631;&#x627;&#x6C1;&#x628; </subfield>
    <subfield code="9">114128</subfield>
  </datafield>
  <datafield tag="245" ind1=" " ind2=" ">
    <subfield code="a">&#x62F;&#x631;&#x648;&#x627;&#x632;&#x648;&#x6BA; &#x6A9;&#x6D2; &#x628;&#x6CC;&#x686; :</subfield>
    <subfield code="b">&#x641;&#x627;&#x631;&#x648;&#x642; &#x631;&#x627;&#x6C1;&#x628; </subfield>
    <subfield code="c">&#x627;&#x641;&#x633;&#x627;&#x646;&#x648; &#x6A9;&#x627; &#x67E;&#x6C1;&#x644;&#x627; &#x645;&#x62C;&#x645;&#x639; /</subfield>
  </datafield>
  <datafield tag="246" ind1=" " ind2=" ">
    <subfield code="a">Darwazoan ke beech : a collection of short stories /</subfield>
    <subfield code="b">by Farooq Rahib </subfield>
  </datafield>
  <datafield tag="260" ind1=" " ind2=" ">
    <subfield code="a">&#x627;&#x644;&#x6C1;&#x622;&#x628;&#x627;&#x62F; </subfield>
    <subfield code="b">&#x67E;&#x6C1;&#x686;&#x627;&#x646; &#x67E;&#x628;&#x644;&#x6CC;&#x6A9;&#x6CC;&#x634;&#x646;&#x632; </subfield>
    <subfield code="c">2002</subfield>
  </datafield>
  <datafield tag="270" ind1=" " ind2=" ">
    <subfield code="b">&#x627;&#x644;&#x6C1;&#x622;&#x628;&#x627;&#x62F; </subfield>
    <subfield code="e">211003</subfield>
  </datafield>
  <datafield tag="300" ind1=" " ind2=" ">
    <subfield code="a">104p.</subfield>
    <subfield code="c">19cm(Hb)</subfield>
  </datafield>
  <datafield tag="650" ind1=" " ind2=" ">
    <subfield code="a"> &#x627;&#x62F;&#x628; - &#x627;&#x631;&#x62F;&#x648;</subfield>
    <subfield code="9">114129</subfield>
  </datafield>
  <datafield tag="650" ind1=" " ind2=" ">
    <subfield code="a"> &#x645;&#x62E;&#x62A;&#x635;&#x631; &#x6A9;&#x6C1;&#x627;&#x646;&#x6CC;&#x627;&#x6BA;&#x60C; &#x627;&#x631;&#x62F;&#x648;.</subfield>
    <subfield code="9">114130</subfield>
  </datafield>
  <datafield tag="650" ind1=" " ind2=" ">
    <subfield code="a">Literature -- Urdu</subfield>
    <subfield code="9">114131</subfield>
  </datafield>
  <datafield tag="650" ind1=" " ind2=" ">
    <subfield code="a">Short stories, Urdu.</subfield>
    <subfield code="9">30251</subfield>
  </datafield>
  <datafield tag="942" ind1=" " ind2=" ">
    <subfield code="2">ddc</subfield>
    <subfield code="c">UR</subfield>
    <subfield code="h">&#x6A9;</subfield>
    <subfield code="m">&#x641; &#x627; &#x631;</subfield>
  </datafield>
  <datafield tag="999" ind1=" " ind2=" ">
    <subfield code="c">106673</subfield>
    <subfield code="d">106673</subfield>
  </datafield>
  <datafield tag="952" ind1=" " ind2=" ">
    <subfield code="0">0</subfield>
    <subfield code="1">0</subfield>
    <subfield code="4">0</subfield>
    <subfield code="7">0</subfield>
    <subfield code="a">L</subfield>
    <subfield code="b">L</subfield>
    <subfield code="d">2015-12-28</subfield>
    <subfield code="e">Cen Lib/Ret</subfield>
    <subfield code="g">75.00</subfield>
    <subfield code="l">0</subfield>
    <subfield code="o">&#x6A9; &#x641; &#x627; &#x631;</subfield>
    <subfield code="p">B-083056</subfield>
    <subfield code="r">2015-12-28 00:00:00</subfield>
    <subfield code="t">1</subfield>
    <subfield code="v">75.00</subfield>
    <subfield code="w">2015-12-28</subfield>
    <subfield code="y">UR</subfield>
  </datafield>
</record>
